|
|
|
|
| LEADER |
03385nam a22004335i 4500 |
| 001 |
978-3-658-06945-2 |
| 003 |
DE-He213 |
| 005 |
20151204173855.0 |
| 007 |
cr nn 008mamaa |
| 008 |
140828s2015 gw | s |||| 0|eng d |
| 020 |
|
|
|a 9783658069452
|9 978-3-658-06945-2
|
| 024 |
7 |
|
|a 10.1007/978-3-658-06945-2
|2 doi
|
| 040 |
|
|
|d GrThAP
|
| 050 |
|
4 |
|a JA71-80
|
| 072 |
|
7 |
|a JPB
|2 bicssc
|
| 072 |
|
7 |
|a POL000000
|2 bisacsh
|
| 082 |
0 |
4 |
|a 320
|2 23
|
| 245 |
1 |
4 |
|a The State as an Actor in Religion Policy
|h [electronic resource] :
|b Policy Cycle and Governance Perspectives on Institutionalized Religion /
|c edited by Maria Grazia Martino.
|
| 264 |
|
1 |
|a Wiesbaden :
|b Springer Fachmedien Wiesbaden :
|b Imprint: Springer VS,
|c 2015.
|
| 300 |
|
|
|a VIII, 171 p.
|b online resource.
|
| 336 |
|
|
|a text
|b txt
|2 rdacontent
|
| 337 |
|
|
|a computer
|b c
|2 rdamedia
|
| 338 |
|
|
|a online resource
|b cr
|2 rdacarrier
|
| 347 |
|
|
|a text file
|b PDF
|2 rda
|
| 505 |
0 |
|
|a Germany and Religion, Does Islam belong to Germany? -- Switzerland: No Religious Peace without Public Arrangements -- Denominational Influence on Religion Policy after the State Church? -- Dealing with Religious Diversity: Aims and Realities of Religious Education in Sweden -- European Turks in-between Local and Transnational Islamic Networks.
|
| 520 |
|
|
|a Churches and religious communities are actors from civil society. The state sets the framework for their activities, first and foremost by formal legal acts in ecclesiastical law. Besides this field of law, religion policy has increasingly developed into a policy field of its own. Which incentives and steering tools used by the state cause which kind of behavior, which role in society and which self-understanding among churches and religious communities? This edited volume answers these questions. Maria Grazia Martino and her contributing authors highlight the different solutions found by European countries with different ecclesiastical law systems, different distributions of Christian denominations and different percentages of Muslim immigrants: Germany, Switzerland, France, Sweden, Italy and Greece. Contents Germany and Religion, Does Islam belong to Germany? Switzerland: No Religious Peace without Public Arrangements Denominational Influence on Religion Policy after the State Church? Dealing with Religious Diversity: Aims and Realities of Religious Education in Sweden European Turks in-between Local and Transnational Islamic Networks Target Groups Scientists and students in the field of political sciences, especially religion The Editor Dr. Maria Grazia Martino studied Political Science at the universities of Constance and Tübingen. Since 2013, she holds a lecturer position for Political Theory at the Otto Suhr Institute of Political Science at Freie Universität Berlin.
|
| 650 |
|
0 |
|a Political science.
|
| 650 |
|
0 |
|a Comparative politics.
|
| 650 |
|
0 |
|a Religion and culture.
|
| 650 |
1 |
4 |
|a Political Science and International Relations.
|
| 650 |
2 |
4 |
|a Comparative Politics.
|
| 650 |
2 |
4 |
|a Sociology of Culture.
|
| 700 |
1 |
|
|a Martino, Maria Grazia.
|e editor.
|
| 710 |
2 |
|
|a SpringerLink (Online service)
|
| 773 |
0 |
|
|t Springer eBooks
|
| 776 |
0 |
8 |
|i Printed edition:
|z 9783658069445
|
| 856 |
4 |
0 |
|u http://dx.doi.org/10.1007/978-3-658-06945-2
|z Full Text via HEAL-Link
|
| 912 |
|
|
|a ZDB-2-SHU
|
| 950 |
|
|
|a Humanities, Social Sciences and Law (Springer-11648)
|